000 01206nam a2200325Ic 4500
001 60628
003 CO-BoRNBP
005 20260225230328.0
007 ta
008 181205s9999 xx 000 0 und d
020 _a9789584255266
040 _aCO-BoRNBP
_bspa
_erda
_cCO-BoRNBP
041 _aspa
084 _aN MEN1
100 1 0 _aMendoza Zambrano, Mario,
_d1964-
_eaut
_940723
245 1 3 _aEl mensajero de Agartha, 4 :
_bla colonia de Altair /
_cMario Mendoza ; ilustraciones Book and Play Studio.
250 _aPrimera edición
264 1 _aBogotá, Colombia :
_bDestino,
_c[Fecha de publicación no identificada]
300 _a193 páginas :
_bilustraciones en blanco y negro
336 _atexto
_btxt
_2rdacontent
337 _asin mediación
_bn
_2rdamedia
338 _avolumen
_bnc
_2rdacarrier
500 _aRecomendado para un público mayor de 15 años \ Incluye datos biográficos del autor en la solapa
650 0 7 _aAmistad - Novela
_2lemb
_92653
650 0 7 _aDivorcio - Novela
_2lemb
_969284
650 0 7 _aViajes Fantasticos - Novela
_2lemb
_969285
650 1 7 _aNovela colombiana
_ySiglo XXI
_2rnbp
_91602
650 1 7 _aLiteratura colombiana
_ySiglo XXI
_2rnbp
_965
942 _2loc
_cBK
999 _c60628
_d60628